Poemas para desmentir y especular

Guardat en:
Dades bibliogràfiques
Autor principal: González Calvo, Mainor
Format: Llibre
Idioma:Undetermined
Publicat: San José, Costa Rica Litografía Morales 2001
Matèries:
Etiquetes: Afegir etiqueta
Sense etiquetes, Sigues el primer a etiquetar aquest registre!

MARC

LEADER 00000nam a2200000Ia 4500
008 170316s9999 xx 000 0 und d
040 |a cru BVZT 
090 |a 868 G-15p 
100 |a González Calvo, Mainor 
245 |a Poemas para desmentir y especular 
260 |a San José, Costa Rica 
260 |b Litografía Morales 
260 |c 2001 
300 |a 68 páginas 
650 |a LITERATURA COSTARRICENSE 
650 |a POESÍA COSTARRICENSE 
999 |c 11078  |d 11078 
942 |c 15 D  |h 868 G-15p  |2 z